<?xml version="1.0" encoding="UTF-8"?>
<record
    xmlns:xsi="http://www.w3.org/2001/XMLSchema-instance"
    xsi:schemaLocation="http://www.loc.gov/MARC21/slim http://www.loc.gov/standards/marcxml/schema/MARC21slim.xsd"
    xmlns="http://www.loc.gov/MARC21/slim">

  <leader>02843nam a22002537a 4500</leader>
  <controlfield tag="005">20240305165551.0</controlfield>
  <controlfield tag="007">cr||||   |||| </controlfield>
  <controlfield tag="008">200922s2020    mx |||||s|||| 00||0 spa d</controlfield>
  <datafield tag="020" ind1=" " ind2=" ">
    <subfield code="a">978-607-563-024-3</subfield>
  </datafield>
  <datafield tag="035" ind1=" " ind2=" ">
    <subfield code="a">32185</subfield>
  </datafield>
  <datafield tag="040" ind1=" " ind2=" ">
    <subfield code="a">vLex</subfield>
  </datafield>
  <datafield tag="090" ind1=" " ind2=" ">
    <subfield code="c">10759</subfield>
    <subfield code="d">10759</subfield>
  </datafield>
  <datafield tag="100" ind1="1" ind2=" ">
    <subfield code="a">C&#xF3;rdoba Padilla, Marcial</subfield>
  </datafield>
  <datafield tag="245" ind1="1" ind2="0">
    <subfield code="a">Mercado de valores</subfield>
    <subfield code="h">[Recurso electr&#xF3;nico] /</subfield>
    <subfield code="c">Marcial C&#xF3;rdoba Padilla</subfield>
  </datafield>
  <datafield tag="256" ind1=" " ind2=" ">
    <subfield code="a">Servicio en l&#xED;nea</subfield>
  </datafield>
  <datafield tag="260" ind1=" " ind2=" ">
    <subfield code="a">Ciudad de M&#xE9;xico:</subfield>
    <subfield code="b">Instituto Mexicano de Contadores P&#xFA;blicos,</subfield>
    <subfield code="c">2020</subfield>
  </datafield>
  <datafield tag="300" ind1=" " ind2=" ">
    <subfield code="a">1 recurso electr&#xF3;nico</subfield>
  </datafield>
  <datafield tag="500" ind1=" " ind2=" ">
    <subfield code="a">Existen varias alternativas de ahorro e inversi&#xF3;n para empresas y per&#xAD;sonas f&#xED;sicas que permiten, respectivamente, obtener rendimientos y diversificar el riesgo inherente a una inversi&#xF3;n. Una de estas es el mercado de valores, que surge en el contexto de la globalizaci&#xF3;n de la econom&#xED;a, la internacionalizaci&#xF3;n de los flujos financieros y la desre&#xAD;gularizaci&#xF3;n de los mercados. La ventaja del mercado de valores es que permite a emisores locales obtener recursos de ahorro extranjeros y, de la misma forma, a los emisores extranjeros conseguir recursos de ahorro locales para la realizaci&#xF3;n de grandes proyectos. En Mercado de valores, el autor ofrece a los lectores herramientas t&#xE9;cni&#xAD;cas de an&#xE1;lisis e interpretaci&#xF3;n de los mercados financieros, a partir de s&#xF3;lidos conceptos te&#xF3;ricos y un fuerte componente de normas relati -vas a los mercados bancarios y burs&#xE1;tiles. Luego de una introducci&#xF3;n al sistema financiero y los activos financieros, el libro profundiza en el mercado de valores con cap&#xED;tulos sobre los t&#xED;tulos valores, la confor&#xAD;maci&#xF3;n del mercado de valores, la bolsa de valores, la emisi&#xF3;n y oferta de valores, y la negociaci&#xF3;n en este mercado. Finaliza con dos cap&#xED;tulos sobre el an&#xE1;lisis del mercado de valores y su regulaci&#xF3;n y supervisi&#xF3;n. Aunado a lo anterior se incluyen propuestas de cuestionario resuelto, cuestionario propuesto y casos pr&#xE1;cticos. Este es un texto de referencia indispensable para inversionistas, em -presarios, profesionales, estudiantes y acad&#xE9;micos de programas de finanzas, econom&#xED;a, administraci&#xF3;n de empresas y contabilidad de pre&#xAD;grado y posgrado, as&#xED; como para todos los interesados en conocer los aspectos institucionales, financieros, comerciales y operativos que per&#xAD;miten operar con eficiencia en el mercado de valores</subfield>
  </datafield>
  <datafield tag="506" ind1="1" ind2=" ">
    <subfield code="a">Disponible solo en los productos indicados</subfield>
    <subfield code="d">vLex Global</subfield>
    <subfield code="d">vLex Global (Academic Edition, excluding Law Schools)</subfield>
    <subfield code="d">vLex Global (U.S. Academic Edition, Law Schools)</subfield>
    <subfield code="d">vLex Global (U.S. Academic Edition, excluding Law Schools)</subfield>
    <subfield code="d">vLex Global (Academic Edition, Law Schools)</subfield>
  </datafield>
  <datafield tag="650" ind1="0" ind2="4">
    <subfield code="a">Financiero</subfield>
    <subfield code="z">M&#xE9;xico</subfield>
  </datafield>
  <datafield tag="740" ind1="0" ind2=" ">
    <subfield code="a">vLex Libros (Servicio en l&#xED;nea)</subfield>
  </datafield>
  <datafield tag="856" ind1="4" ind2="0">
    <subfield code="u">https://app.vlex.com/#/sources/mercado-de-valores-32185</subfield>
  </datafield>
  <datafield tag="942" ind1=" " ind2=" ">
    <subfield code="c">RAA</subfield>
  </datafield>
  <datafield tag="952" ind1=" " ind2=" ">
    <subfield code="0">0</subfield>
    <subfield code="1">0</subfield>
    <subfield code="4">0</subfield>
    <subfield code="7">0</subfield>
    <subfield code="8">VLEX</subfield>
    <subfield code="9">326954</subfield>
    <subfield code="a">BD-UIN</subfield>
    <subfield code="b">BD-UIN</subfield>
    <subfield code="d">2024-03-05</subfield>
    <subfield code="l">0</subfield>
    <subfield code="p">32185</subfield>
    <subfield code="r">2024-03-05</subfield>
    <subfield code="w">2024-03-05</subfield>
    <subfield code="y">RAA</subfield>
  </datafield>
  <datafield tag="999" ind1=" " ind2=" ">
    <subfield code="c">168995</subfield>
    <subfield code="d">168995</subfield>
  </datafield>
</record>
